Länder mit den meisten Goldreserven - Statistiken

Allgemein
  • Dieses Quiz wurde 142 mal gespielt
  • Das Durchschnittsergebnis liegt bei 15 aus 20
Antwortstatistiken
Platz Land Goldreserven in Tonnen % Korrekt
6. China 1.948
100%
5. Russland 2.299
97%
1. Vereinigte Staaten 8.134
96%
2. Deutschland 3.362
95%
8. Japan 765
94%
4. Frankreich 2.436
92%
3. Italien 2.452
91%
9. Indien 668
89%
16. Vereinigtes Königreich 310
89%
19. Spanien 282
88%
7. Schweiz 1.040
81%
20. Österreich 280
78%
15. Saudi-Arabien 323
77%
11. Türkei 607
74%
10. Niederlande 613
73%
13. Portugal 383
66%
12. Taiwan 423
46%
14. Kasachstan 382
31%
17. Usbekistan 299
17%
18. Libanon 287
6%
Keine übereinstimmenden Quizze gefunden
Verteilung der Resultate
Anzahl Personen mit jedem Resultat
Perzentil nach korrekt beantworteten Fragen
Ihre Resultats-Entwicklung
Sie haben dieses Quiz noch nicht gespielt